书目信息 |
| 题名: |
装配式建筑施工
|
|
| 作者: | 沈程 , 徐苗苗 主编 | |
| 分册: | ||
| 出版信息: | 北京 北京理工大学出版社 2025.01 |
|
| 页数: | 150页 | |
| 开本: | 26cm | |
| 丛书名: | ||
| 单 册: | ||
| 中图分类: | TU3 | |
| 科图分类: | ||
| 主题词: | 装配式构件--zhuang pei shi gou jian--建筑施工 | |
| 电子资源: | ||
| ISBN: | 978-7-5763-4820-0 | |
| 000 | 00943nam0 2200253 450 | |
| 001 | 91608 | |
| 005 | 20250817095445.97 | |
| 010 | @a978-7-5763-4820-0@dCNY78.00 | |
| 100 | @a20250418d2025 em y0chiy50 ea | |
| 101 | 0 | @achi |
| 102 | @aCN@b110000 | |
| 105 | @aak a 000yy | |
| 106 | @ar | |
| 200 | 1 | @a装配式建筑施工@Azhuang pei shi jian zhu shi gong@f主编沈程, 徐苗苗 |
| 210 | @a北京@c北京理工大学出版社@d2025.01 | |
| 215 | @a150页@c图@d26cm | |
| 320 | @a有书目 (第150页) | |
| 330 | @a本书共分为9个学习任务, 主要内容包括: 预制构件的存放与运输, 预制柱构件吊装, 预制剪力墙吊装, 预制剪力墙套筒灌浆施工, 预制构件后浇节点连接施工, 叠合梁吊装, 叠合楼板、阳台板、空调板吊装, 预制楼梯吊装, 预制外墙拼缝处理等。 | |
| 606 | 0 | @a装配式构件@Azhuang pei shi gou jian@x建筑施工 |
| 690 | @aTU3@v5 | |
| 701 | 0 | @a沈程@Ashen cheng@4主编 |
| 701 | 0 | @a徐苗苗@Axu miao miao@4主编 |
| 801 | 0 | @aCN@c20250909 |
| 905 | @a河南城建学院图书馆@dTU3@eS382@f1 | |
| 装配式建筑施工/主编沈程, 徐苗苗.-北京:北京理工大学出版社,2025.01 |
| 150页:图;26cm |
| ISBN 978-7-5763-4820-0:CNY78.00 |
| 本书共分为9个学习任务, 主要内容包括: 预制构件的存放与运输, 预制柱构件吊装, 预制剪力墙吊装, 预制剪力墙套筒灌浆施工, 预制构件后浇节点连接施工, 叠合梁吊装, 叠合楼板、阳台板、空调板吊装, 预制楼梯吊装, 预制外墙拼缝处理等。 |
| ● |
| 相关链接 |
|
|
|
正题名:装配式建筑施工
索取号:TU3/S382
 
预约/预借
| 序号 | 登录号 | 条形码 | 馆藏地/架位号 | 状态 | 备注 |
| 1 | 1625572 | 216255727 | 建筑库101/101建筑库 74排2列4层/ [索取号:TU3/S382] | 在馆 |